000 01073nam a2200277Ia 4500
003 OSt
005 20221005104044.0
006 a|||||r|||| 00| 0
007 ta
008 221004b |||||||| |||| 00| 0 san d
020 _cINR 300.00
024 _a66164
037 _b278, 13/01/2020, Eastern Book Linkers
_cTextual
040 _aCRL
_cCRL
_bsan
041 _2san
_asan
082 _aDelta2:864, Q9
100 _aशास्त्री, राकेश, ले.
245 0 _aभुवन - दीपक
246 _aBhuvan - dīpaka:
260 _aदिल्ली
_bचौखम्भा ओरियन्टालिया भारत
_c2019
300 _a301पृ0
_ccm.
490 _aगोकुलदास संस्कृत ग्रन्थमाला; 142
650 _aआध्यात्मिक अनुभव और रहस्यवाद
942 _hDelta2:864, Q9
_cTEXL
_2cc
999 _c1011612
_d1011612